000
00271nam a2200109Ia 4500
008
200302s9999 xx 000 0 und d
100
_a
The Editors of Fortune
245
_a
The Exploding Metropols
260
_b
Doubleday & Company, Inc
260
_c
1958
300
_a
175 P.,
999
_c
5649
_d
5649